000 01390nam a2200349 a 4500
001 3803249
003 Nust
005 20210301130419.0
008 850409r19821916pk 000 0 eng
010 _a 84930910
020 _cRs75.00 ($10.00 U.S.)
038 _aArshad
040 _aDLC
_cDLC
_dDLC
043 _aa-ii---
050 0 0 _aDS422.C3
_bI23 1982
082 0 0 _a305.512209545522
_bIBB
100 1 _aIbbetson, Denzil,
_cSir,
_d1847-1908.
_921002
_6100-01
245 1 0 _aPanjab castes
_bbeing a reprint of the chapter on "The races, castes, and tribes of the people" in the report on the census of the Panjab published in 1883 by the late Sir Denzil Ibbetson, K.C.S.I.
_6245-02
260 _aLahore :
_bSh. Mubarak Ali,
_c1982.
_6260-03
300 _aviii, 741 p. ;
_c25 cm.
500 _aReprint. Originally published: Lahore : Supt., Govt. Print., Punjab, 1916.
500 _aLimited edition 250 copies.
563 _aHbk
650 0 _aCaste
_zIndia
_zPunjab.
_920998
650 0 _aEthnology
_zIndia
_zPunjab.
_920997
651 0 _aPunjab (India)
_xSocial life and customs.
_935767
880 _6100-01\(3\r
_aسر ڈینزل ابٹسن
880 _6245-02\(3\r
_aپنجاب کی ذاتیں /
_bسر ڈینزل ابٹسن
880 _6260-03\(3\r
_aلاہور:
_bشیخ مبارک علی،
_c1982
906 _a7
_bcbc
_corignew
_d3
_encip
_f19
_gy-gencatlg
942 _2ddc
_cBK
999 _c328767
_d328767